| 000 | 01101cam a22002655a 4500 | ||
|---|---|---|---|
| 001 | 14937780 | ||
| 005 | 20201128021133.0 | ||
| 008 | 070723t2007 maua frb 001 0 eng d | ||
| 020 | _a9780750682893 (hbk.) | ||
| 020 | _a0750682892 (hbk.) | ||
| 040 |
_aUKM _cUKM _dBAKER _dBTCTA _dYDXCP _dPU _dDLC _dEG-ScBUE _beng |
||
| 082 | 0 | 4 |
_a338.83 _222 _bINT |
| 245 | 0 | 0 |
_aInternational mergers and acquisitions activity since 1990 : _brecent research and quantitative analysis / _cedited by Greg N. Gregoriou and Luc Renneboog. |
| 260 |
_aBurlington ; _aCalifornia ; _aLondon : _bAcademic Press / Elsevier, _cc.2007. |
||
| 300 |
_axvi, 304 p. : _bill. ; _c24 cm. |
||
| 490 | 0 | _aQuantitative finance series. | |
| 500 | _aIndex : p. 295-304. | ||
| 504 | _aIncludes bibliographical references. | ||
| 650 | 7 |
_aConsolidation and merger of corporations _xLaw and legislation. _936699 _2BUEsh |
|
| 650 | 7 |
_aBusiness cycles. _93134 _2BUEsh |
|
| 653 |
_bBUSADM _bBUSECO _cNovember2014 _cMay2016 |
||
| 700 | 1 |
_aRenneboog, Luc _936700 _eeditor. |
|
| 700 | 1 |
_aGregoriou, Greg N., _95183 _d1956- _eeditor. |
|
| 942 |
_2ddc _k338.83 INT |
||
| 999 |
_c18682 _d18654 |
||